| 000 | 00338cam a22001217a 4500 | ||
|---|---|---|---|
| 008 | 180718b1988 xxu||||| |||| 00| 0 eng d | ||
| 082 | _aZ44x54 Si64 CRS | ||
| 100 | _aSingh, J.P. | ||
| 245 |
_aAgricultural finance-- theory and practice _cby J.P. Singh |
||
| 260 |
_aDelhi _bAshish _c1988 |
||
| 300 | _a250p. | ||
| 650 | _aFarm Finance - India | ||
| 999 |
_c353227 _d353227 |
||